00449nam a2200157Ia 4500008004100000082001000041100004200051245003300093260005700126300000800183365000600191520001400197630003300211650001400244730003300258100917s9999 xx 000 0 und d b27429 aमाडगुळकर ग. दि. aभाताचे फूल bकुलकर्णी प्रकाशनc1971 a146 b7 aकथा aभाताचे फूल aकथा aभाताचे फूल